El criterio / (Record no. 175621)

MARC details
000 -LEADER
campo de control de longitud fija 00811nam a2200241 i 4500
001 - NÚMERO DE CONTROL
campo de control 175621
003 - IDENTIFICADOR DE NÚMERO DE CONTROL
campo de control ES-MaACL
005 - FECHA Y HORA DE LA ÚLTIMA TRANSACCIÓN
campo de control 20251120063149.0
007 - CAMPO FIJO DE DESCRIPCIÓN FÍSICA--INFORMACIÓN GENERAL
campo de control de longitud fija t|
008 - DATOS DE LONGITUD FIJA--INFORMACIÓN GENERAL
campo de control de longitud fija 101111s1974 sp r ||||1| spa d
020 ## - NÚMERO INTERNACIONAL ESTÁNDAR DEL LIBRO
Número Internacional Estándar del Libro 84-220-0703-7
080 ## - NÚMERO DE LA CLASIFICACIÓN DECIMAL UNIVERSAL
Número de la Clasificación Decimal Universal 165
100 1# - ENTRADA PRINCIPAL--NOMBRE DE PERSONA
Nombre de persona Balmes, Jaime,
Fechas asociadas al nombre 1810-1848
9 (RLIN) 25096
245 13 - MENCIÓN DEL TÍTULO
Título El criterio /
Mención de responsabilidad, etc. por Jaime Balmes ; prólogo de Alberto Martín Artajo.
260 ## - PUBLICACIÓN, DISTRIBUCIÓN, ETC.
Lugar de publicación, distribución, etc. Madrid :
Nombre del editor, distribuidor, etc. La Editorial Católica,
Fecha de publicación, distribución, etc. 1974.
300 ## - DESCRIPCIÓN FÍSICA
Extensión XXXI, 299, [18] p. ;
Dimensiones 18 cm.
490 1# - MENCIÓN DE SERIE
Mención de serie Biblioteca de autores cristianos. Serie Minor ;
Designación de volumen o secuencia 34
650 #4 - PUNTO DE ACCESO ADICIONAL DE MATERIA--TÉRMINO DE MATERIA
Término de materia o nombre geográfico como elemento de entrada Epistemología.
9 (RLIN) 12338
700 1# - ENTRADA AGREGADA--NOMBRE PERSONAL
Nombre de persona Martín Artajo, Alberto,
Fechas asociadas al nombre 1905-1979
9 (RLIN) 184516
830 00 - PUNTO DE ACCESO ADICIONAL DE SERIE-TÍTULO UNIFORME
Título uniforme Biblioteca de autores cristianos.
Nombre de parte o sección de la obra Minor
Designación de volumen o secuencia 34
9 (RLIN) 189814
852 ## - LOCALIZACIÓN
Ubicación ES-MaACL
Número de control de estantería E-13501
Encuadernación Olim P-1255
Holdings
Estatus retirado Estado de pérdida Estado de daño No para préstamo Biblioteca de origen Biblioteca actual Ubicación en estantería Fecha de adquisición Fuente de adquisición Total de préstamos Signatura topográfica completa Código de barras Visto por última vez Precio de reemplazo Tipo de ítem Koha
        Biblioteca del Ateneo de Madrid Biblioteca del Ateneo de Madrid Depósito 2 11/11/2010     E-13501 1184414 23/02/2023 23/02/2023 Libro impreso